| 000 | 00000nas##2200000za#4500 |
| 001 | 9.512147 |
| 003 | CaOODSP |
| 005 | 20210201084607 |
| 007 | ta |
| 008 | 150406c2008||||xxc|| p #||||f| |0fre|d |
| 040 | |aCaOODSP|bfre |
| 041 | |aeng |
| 041 | |afre |
| 043 | |an-cn--- |
| 086 | 1 |aBC9-5/2 |
| 110 | 2 |aConseil de la radiodiffusion et des télécommunications canadiennes. |
| 245 | 10|aConseil de la radiodiffusion et des télécommunications canadiennes, rapport annuel - protection des renseignements personnels / |c[Publié par la] Coordonnatrice de l'accès à l'information et de la protection des renseignements personnels. |
| 260 | |aGatineau - Québec : |bConseil de la radiodiffusion et des télécommunications canadiennes |
| 300 | |aTexte français, ; |c28 cm. |
| 310 | |aAnnuel |
| 362 | 1 |a2007/2008-- |
| 520 | 3 |aPrésente le rendement du CRTC en regard de la Loi sur la protection des renseignements personnels. Il décrit les politiques institutionnelles et les demandes. |
| 563 | |aCerlox |
| 691 | 07|aVie privée|2gcpds |
| 776 | 0#|tRapport annuel. |w(CaOODSP)9.502553 |
| 791 | |tCanadian Radio-television and Telecommunications Commission, annual report - privacy / |eeng|w(CaOODSP)9.512146 |